| 000 | 00383nam a22001457a 4500 | ||
|---|---|---|---|
| 008 | 250605b |||||||| |||| 00| 0 eng d | ||
| 020 | _a978978316534 | ||
| 050 |
_aPR 6112 _b.A 25 |
||
| 100 | _aAbiodun Lilian Olaitan | ||
| 245 | _aMind mirrors | ||
| 260 |
_aAbuja _bCaltop publications (Nigeria) limited _c2022 |
||
| 300 | _a78p | ||
| 650 | _aMother and sons fiction | ||
| 942 | _cBK | ||
| 999 |
_c3794 _d3794 |
||